Statistics for Countries Most Similar To Yemen

Click here to take the quiz!

General Stats

  • This quiz has been taken 24 times
  • The average score is 14 of 20

Answer Stats

RankCountryScore% Correct
2Iraq73.2
93%
6Syria72.2
93%
15Morocco66.2
87%
9Oman70
87%
10Saudi Arabia69.7
87%
11Algeria68.2
80%
18Tunisia65.2
80%
5Egypt72.3
73%
4Jordan72.4
73%
16Kuwait65.8
73%
12Somalia67.3
73%
1Sudan73.6
73%
14Djibouti66.2
67%
8Palestine71.4
67%
20Pakistan63.8
60%
7Libya71.9
53%
13Afghanistan66.6
47%
3Mauritania72.4
47%
17Chad65.6
40%
19Eritrea63.9
33%

Score Distribution

Percentile by Number Answered

Percent of People with Each Score

Your Score History

You have not taken this quiz